[Event "Moscow op-C"]
[Site "Moscow"]
[Date "2011.02.06"]
[Round "9"]
[White "Tiukaev, Ilgiz"]
[Black "Matsenko, Sergei"]
[Result "1/2-1/2"]
[WhiteElo "2117"]
[BlackElo "2475"]
[PlyCount "123"]
[EventDate "2011.01.29"]
[EventType "swiss"]
[EventRounds "9"]
[EventCountry "RUS"]
[SourceTitle "EXT 2012"]
[Source "ChessBase"]
[SourceDate "2011.11.24"]
[SourceVersion "1"]
[SourceVersionDate "2011.11.24"]
[SourceQuality "1"]

1. e4 c5 2. Nc3 Nc6 3. g3 g6 4. Bg2 Bg7 5. d3 d6 6. f4 e6 7. Nf3 Nge7 8. 0-0 0-0 9. Be3 Nd4 10. Bf2 Nec6 11. e5 Rb8 12. exd6 b6 13. Nxd4 Nxd4 14. Ne4 Nf5 15. c3 Bb7 16. Qa4 Nxd6 17. Rad1 Nf5 18. Rfe1 Bd5 19. a3 a5 20. Ng5 h6 21. Nf3 Qc7 22. Ne5 Rfd8 23. c4 Bxg2 24. Kxg2 Bxe5 25. Rxe5 Qb7+ 26. Kg1 Qf3 27. Qc2 Nd4 28. Bxd4 Rxd4 29. Qe2 Qc6 30. Re4 Rbd8 31. Rxd4 Rxd4 32. Kf2 Qd6 33. Qf3 Kg7 34. Ke2 e5 35. fxe5 Qxe5+ 36. Kd2 Rd6 37. Kc2 Rf6 38. Qg2 Qe3 39. Rd2 Qe1 40. Qe2 Qg1 41. Qe5 a4 42. Re2 Qf1 43. Re4 Qf5 44. Qxf5 Rxf5 45. Re2 Rf3 46. Rd2 Kf6 47. b3 axb3+ 48. Kxb3 h5 49. Kc3 Kg5 50. Rb2 Rf6 51. Rd2 Rf3 52. Rb2 Rf6 53. Rd2 Kg4 54. d4 Rf3+ 55. Rd3 cxd4+ 56. Kxd4 Rf2 57. h4 Rf5 58. Rb3 Ra5 59. Ke4 Rc5 60. Kd4 Ra5 61. Ke4 Rc5 62. Kd4 1/2-1/2

[Event "Moscow op-C"]
[Site "Moscow"]
[Date "2011.01.30"]
[Round "2"]
[White "Partskhaladze, David"]
[Black "Tiukaev, Ilgiz"]
[Result "0-1"]
[WhiteElo "1755"]
[BlackElo "2117"]
[PlyCount "76"]
[EventDate "2011.01.29"]
[EventType "swiss"]
[EventRounds "9"]
[EventCountry "RUS"]
[SourceTitle "EXT 2012"]
[Source "ChessBase"]
[SourceDate "2011.11.24"]
[SourceVersion "1"]
[SourceVersionDate "2011.11.24"]
[SourceQuality "1"]

1. d4 Nf6 2. c4 g6 3. Nc3 Bg7 4. e4 d6 5. f3 0-0 6. Be3 Nc6 7. Nge2 a6 8. Qd2 Rb8 9. h4 h5 10. Nc1 e5 11. d5 Nd4 12. Nb3 c5 13. dxc6 Nxb3 14. c7 Qxc7 15. axb3 Be6 16. Be2 Qc6 17. Rc1 Qd7 18. 0-0 Rfc8 19. Na4 Rc6 20. Nb6 Qd8 21. Nd5 Rcc8 22. Ba7 Ra8 23. Bb6 Qd7 24. b4 Kh7 25. Rfd1 Ne8 26. Be3 Bxd5 27. Qxd5 Qe7 28. c5 dxc5 29. Bxc5 Qc7 30. Bc4 Bh6 31. Ra1 b6 32. Rxa6 Rd8 33. Rxa8 Rxd5 34. Rxd5 Nf6 35. Rd6 Nd7 36. Rxd7 Qxd7 37. Bxb6 Qc6 38. Ra6 Qxc4 0-1

[Event "Moscow 10"]
[Site "Moscow"]
[Date "2009.10.20"]
[Round "4"]
[White "Ageichenko, Genadi A"]
[Black "Tiukaev, Ilgiz"]
[Result "1-0"]
[WhiteElo "2375"]
[BlackElo "2161"]
[PlyCount "90"]
[EventDate "2009.10.17"]
[EventType "tourn"]
[EventRounds "13"]
[EventCountry "RUS"]
[EventCategory "3"]
[SourceTitle "EXT 2010"]
[Source "ChessBase"]
[SourceDate "2010.11.25"]
[SourceVersion "1"]
[SourceVersionDate "2010.11.25"]
[SourceQuality "1"]

1. d4 Nf6 2. Nf3 g6 3. c4 Bg7 4. g3 d6 5. Bg2 0-0 6. 0-0 Nc6 7. Nc3 e5 8. h3 h6 9. Be3 Nd7 10. Qd2 Kh7 11. Rad1 f5 12. dxe5 dxe5 13. Nd5 e4 14. Nd4 Nb6 15. b3 Bxd4 16. Bxd4 Nxd5 17. cxd5 Qxd5 18. Be3 Qxd2 19. Rxd2 Be6 20. f3 exf3 21. Bxf3 Rad8 22. Rfd1 Rxd2 23. Rxd2 Rd8 24. Rxd8 Nxd8 25. Bxa7 c6 26. Kf2 Nf7 27. Ke3 Ng5 28. Bg2 Nxh3 29. Kd4 Ng5 30. Ke5 Kg7 31. Be3 Kf7 32. Kd6 Ne4+ 33. Bxe4 fxe4 34. Bxh6 Bd5 35. e3 Kf6 36. Kc7 b5 37. a4 Bxb3 38. a5 Ke6 39. Bf8 Bd5 40. Bc5 b4 41. a6 b3 42. a7 b2 43. a8Q b1Q 44. g4 g5 45. Qe8+ Kf6 1-0

[Event "Moscow 10"]
[Site "Moscow"]
[Date "2009.10.17"]
[Round "1"]
[White "Tiukaev, Ilgiz"]
[Black "Babikov, Ivan"]
[Result "0-1"]
[WhiteElo "2161"]
[BlackElo "2333"]
[PlyCount "54"]
[EventDate "2009.10.17"]
[EventType "tourn"]
[EventRounds "13"]
[EventCountry "RUS"]
[EventCategory "3"]
[SourceTitle "EXT 2010"]
[Source "ChessBase"]
[SourceDate "2010.11.25"]
[SourceVersion "1"]
[SourceVersionDate "2010.11.25"]
[SourceQuality "1"]

1. e4 e5 2. Nc3 Nf6 3. Bc4 Nxe4 4. Qh5 Nd6 5. Bb3 Be7 6. Nf3 Nc6 7. Nxe5 g6 8. Nxc6 dxc6 9. Qf3 0-0 10. d3 Nf5 11. Bf4 Nd4 12. Qd1 Bg5 13. Qd2 Re8+ 14. Kf1 Bf6 15. h4 Bf5 16. h5 g5 17. Be3 h6 18. Re1 a5 19. Bxd4 Qxd4 20. a4 Qb4 21. f3 Rxe1+ 22. Qxe1 Bxd3+ 23. cxd3 Qxb3 24. f4 Qxb2 25. Ne4 gxf4 26. Nxf6+ Qxf6 27. Rh4 Qf5 0-1

[Event "Moscow Dvorkovich Memorial"]
[Site "Moscow"]
[Date "2009.09.14"]
[Round "7"]
[White "Tiukaev, Ilgiz"]
[Black "Ulko, Jaroslav"]
[Result "0-1"]
[WhiteElo "2168"]
[BlackElo "2471"]
[PlyCount "82"]
[EventDate "2009.09.08"]
[EventType "tourn"]
[EventRounds "13"]
[EventCountry "RUS"]
[EventCategory "4"]
[SourceTitle "CBM 132 Extra"]
[Source "ChessBase"]
[SourceDate "2009.11.03"]
[SourceVersion "1"]
[SourceVersionDate "2009.11.03"]
[SourceQuality "1"]

1. e4 c5 2. Nc3 e6 3. g3 d5 4. d3 Nf6 5. Bg2 dxe4 6. Nxe4 Be7 7. Ne2 Nxe4 8. Bxe4 Nc6 9. 0-0 0-0 10. Be3 e5 11. Bg2 Nd4 12. Nc3 Be6 13. f4 exf4 14. Bxf4 Qd7 15. Rf2 Rad8 16. Qd2 b5 17. a4 b4 18. Ne4 Bd5 19. b3 f5 20. Ng5 Bxg2 21. Kxg2 Qd5+ 22. Nf3 Bf6 23. Raf1 Rde8 24. Bg5 Nxc2 25. Qxc2 Bxg5 26. Qc4 Qxc4 27. dxc4 Bf6 28. Ng1 g6 29. Re2 Kf7 30. Rd1 Rd8 31. Red2 g5 32. Rd7+ Kg6 33. R1d5 Rxd7 34. Rxd7 Re8 35. Rd3 Re1 36. Kf2 Rb1 37. Ke2 Rb2+ 38. Kf3 Be5 39. h3 h5 40. h4 g4+ 41. Ke3 Kf6 0-1

[Event "Moscow op-B"]
[Site "Moscow"]
[Date "2009.02.06"]
[Round "7"]
[White "Pavlov, Aleksandr"]
[Black "Tiukaev, Ilgiz"]
[Result "1-0"]
[WhiteElo "2274"]
[BlackElo "2134"]
[PlyCount "117"]
[EventDate "2009.01.31"]
[EventType "swiss"]
[EventRounds "9"]
[EventCountry "RUS"]
[SourceTitle "EXT 2012"]
[Source "ChessBase"]
[SourceDate "2011.11.24"]
[SourceVersion "1"]
[SourceVersionDate "2011.11.24"]
[SourceQuality "1"]

1. d4 Nf6 2. c4 g6 3. Nc3 Bg7 4. e4 d6 5. Nf3 0-0 6. Be2 e5 7. 0-0 Nc6 8. d5 Ne7 9. Ne1 Ne8 10. Nd3 f5 11. Bd2 f4 12. Bg4 h5 13. Bxc8 Nxc8 14. c5 Qe7 15. cxd6 cxd6 16. Rc1 Qf7 17. f3 g5 18. Nf2 Nb6 19. Nb5 Qd7 20. Qb3 g4 21. Nd3 Rf7 22. Ba5 Bf6 23. Bxb6 axb6 24. a4 Rg7 25. Kh1 h4 26. Nf2 g3 27. Ng4 gxh2 28. Rc7 Qd8 29. Rxg7+ Bxg7 30. Rc1 Rc8 31. Rc4 Rc5 32. Na3 h3 33. gxh3 Qh4 34. Qd1 Qxh3 35. Qe2 Qg3 36. Nxh2 Nf6 37. Rxc5 bxc5 38. Nc4 Nh5 39. Nf1 Qh3+ 40. Kg1 Ng3 41. Qg2 Qh6 42. Nh2 Qg6 43. Ng4 Bf8 44. Qh3 Ne2+ 45. Kf2 Nd4 46. Nb6 Bg7 47. Qh4 Nc2 48. Nc8 Qe8 49. Ne7+ Kf8 50. Nf5 Ne3 51. Ngxe3 fxe3+ 52. Kxe3 Kg8 53. Qg5 Qd7 54. Qg6 Kh8 55. b3 Qc7 56. Qe8+ Kh7 57. Ne7 Bh6+ 58. Kd3 c4+ 59. bxc4 1-0

[Event "Moscow op"]
[Site "Moscow"]
[Date "2008.05.05"]
[Round "6"]
[White "Tiukaev, Ilgiz"]
[Black "Prokopchuk, Yury"]
[Result "0-1"]
[WhiteElo "2073"]
[BlackElo "2351"]
[PlyCount "102"]
[EventDate "2008.04.30"]
[EventType "swiss"]
[EventRounds "9"]
[EventCountry "RUS"]
[SourceTitle "CBM 124 Extra"]
[Source "ChessBase"]
[SourceDate "2008.07.03"]
[SourceVersion "1"]
[SourceVersionDate "2008.07.03"]
[SourceQuality "1"]

1. e4 Nf6 2. e5 Nd5 3. d4 d6 4. Nf3 dxe5 5. Nxe5 c6 6. Bd3 g6 7. c3 Bg7 8. Na3 0-0 9. h4 c5 10. h5 cxd4 11. hxg6 hxg6 12. cxd4 Nc6 13. Nxc6 bxc6 14. Bh6 Bxh6 15. Rxh6 Nf4 16. Be4 Qa5+ 17. Qd2 Qxd2+ 18. Kxd2 Nh5 19. g4 Kg7 20. g5 Rb8 21. b3 Rd8 22. Ke3 Rb4 23. Rd1 e5 24. Nc4 exd4+ 25. Rxd4 Rxd4 26. Kxd4 Be6 27. Bf3 Rb5 28. Bxh5 Rxg5 29. Bxg6 Kxh6 30. Be4 c5+ 31. Kc3 Rg4 32. f3 Rg3 33. Nd6 Kg5 34. a4 f5 35. Bb7 Kf4 36. a5 Ke5 37. Nc4+ Bxc4 38. Kxc4 Rg7 39. a6 Kd6 40. b4 cxb4 41. Ba8 Kc7 42. Kxb4 Kb6 43. Bb7 Rxb7 44. axb7 Kxb7 45. Kc5 a6 46. f4 Kc7 47. Kd5 Kb6 48. Ke5 a5 49. Kxf5 a4 50. Kg6 a3 51. f5 a2 0-1

[Event "Moscow op"]
[Site "Moscow"]
[Date "2008.05.04"]
[Round "5"]
[White "Tiukaev, Ilgiz"]
[Black "Drozdova, Dina"]
[Result "1-0"]
[WhiteElo "2073"]
[BlackElo "2130"]
[PlyCount "129"]
[EventDate "2008.04.30"]
[EventType "swiss"]
[EventRounds "9"]
[EventCountry "RUS"]
[SourceTitle "CBM 124 Extra"]
[Source "ChessBase"]
[SourceDate "2008.07.03"]
[SourceVersion "1"]
[SourceVersionDate "2008.07.03"]
[SourceQuality "1"]

1. e4 d6 2. Nc3 Nf6 3. g3 e5 4. Bg2 c6 5. d3 g6 6. f4 Bg7 7. Nf3 Nbd7 8. 0-0 0-0 9. Kh1 h6 10. f5 gxf5 11. Nh4 Nc5 12. Nxf5 Bxf5 13. Rxf5 Ne6 14. Be3 Nd4 15. Rf2 Qd7 16. h3 Qe6 17. Qd2 Nd7 18. g4 Qg6 19. Rg1 Kh7 20. Bf1 Bf6 21. Bxd4 exd4 22. Nd1 Ne5 23. Qb4 Bh4 24. Rf5 Rab8 25. Qxd4 b6 26. Qc3 c5 27. Ne3 Nc6 28. Ng2 Be7 29. Nf4 Qg7 30. Qxg7+ Kxg7 31. c3 Bg5 32. Nd5 b5 33. Rg2 b4 34. Rh2 bxc3 35. bxc3 Ne7 36. Rxg5+ hxg5 37. Nxe7 Rb1 38. Rf2 Rd8 39. Kg2 Rd7 40. Nf5+ Kf8 41. d4 Rc1 42. Bb5 Rc7 43. dxc5 dxc5 44. c4 Rd1 45. Re2 Rb7 46. a4 Rb8 47. Ne3 Ra1 48. Nd5 a6 49. Bxa6 Rxa4 50. Bb5 Ra1 51. Rf2 Re1 52. Nf6 Ke7 53. Nh7 Rg8 54. Rf5 Ra8 55. Nxg5 f6 56. Nf3 Ra2+ 57. Kg3 Ra3 58. Bc6 Rg1+ 59. Kf2 Rh1 60. Kg2 Rc1 61. Bd5 Rc2+ 62. Kg3 Raa2 63. e5 fxe5 64. Rxe5+ Kf6 65. g5+ 1-0

[Event "Moscow op"]
[Site "Moscow"]
[Date "2008.05.01"]
[Round "2"]
[White "Zhadanov, Vasili B"]
[Black "Tiukaev, Ilgiz"]
[Result "1/2-1/2"]
[WhiteElo "2178"]
[BlackElo "2073"]
[PlyCount "70"]
[EventDate "2008.04.30"]
[EventType "swiss"]
[EventRounds "9"]
[EventCountry "RUS"]
[SourceTitle "CBM 124 Extra"]
[Source "ChessBase"]
[SourceDate "2008.07.03"]
[SourceVersion "1"]
[SourceVersionDate "2008.07.03"]
[SourceQuality "1"]

1. e4 e5 2. Nf3 Nf6 3. Nxe5 d6 4. Nf3 Nxe4 5. d4 d5 6. Bd3 Nc6 7. 0-0 Be7 8. c4 Nf6 9. Nc3 0-0 10. h3 Nb4 11. Be2 dxc4 12. Bxc4 Nbd5 13. Re1 c6 14. a4 Be6 15. Qb3 Qb6 16. Ng5 Qxd4 17. Be3 Qh4 18. Bxd5 Bxd5 19. Qxb7 Qb4 20. Qxb4 Bxb4 21. Rec1 h6 22. Nxd5 Nxd5 23. Nf3 Nxe3 24. fxe3 c5 25. Kf2 Rfe8 26. Rd1 Re7 27. Rac1 Rae8 28. Rd3 f5 29. Rc2 Re4 30. b3 R8e7 31. Nd2 Bxd2 32. Rcxd2 c4 33. bxc4 Rxc4 34. a5 Ra4 35. Rd5 f4 1/2-1/2